000 00737nam a2200289Ia 4500
005 20260324123513.0
008 008 260324s9999 xx 000 0 eng d
020 _a9780203124024
037 _aEBOOK
040 _aCRL
040 _beng
040 _cCRL
041 _2eng
041 _aeng
084 _qCRL
100 _aHeike Mónika Greschke
_91170564
245 0 _aIs There a Home in Cyberspace?
245 4 _bThe Internet in Migrants' Everyday Life and the Emergence of Global Communities
260 _bTaylor and Francis
260 _c2012
365 _a
365 _b240
856 _uhttp://www.taylorfrancis.com/books/9780203124024
942 _cEBOOK
999 _c1764139
_d1764139